|
|
|
|
| LEADER |
00000cam a2200000 a 4500 |
| 001 |
vtls001121665 |
| 003 |
SK-MaSNL |
| 005 |
20260301151523.0 |
| 008 |
180814s1988 xo o 10000 slo |
| 015 |
|
|
|a SNBA1988/08
|
| 035 |
|
|
|a SNK000064508
|
| 040 |
|
|
|a SNK
|b slo
|c SNK
|e AACR2
|
| 041 |
0 |
|
|a slo
|a cze
|
| 044 |
|
|
|a xo
|c SK
|
| 080 |
|
|
|a 725.3(082)
|2 1981
|
| 245 |
0 |
0 |
|a Architektúra dopravných stavieb
|b celoštátna konferencia
|c [zodpovedná redaktorka] Jana Melicherčíková
|
| 250 |
|
|
|a 1. vyd.
|
| 260 |
|
|
|a Bratislava
|b Dom techniky ČSVTS
|c 1988
|
| 300 |
|
|
|a 35 s.
|b fotogr.
|c 29 cm
|
| 366 |
|
|
|e 165 výt.
|
| 546 |
|
|
|a Text aj česky
|
| 650 |
0 |
7 |
|a dopravné stavby
|2 SNKPH
|9 30389
|
| 650 |
0 |
7 |
|a architektúra
|2 SNKPH
|9 722
|
| 655 |
|
7 |
|a zborníky konferencií
|2 SNKPH
|9 70153
|
| 700 |
1 |
|
|a Melicherčíková, Jana
|4 lso
|9 276647
|
| 958 |
|
|
|a OND
|
| 999 |
|
|
|c 786830
|d 788760
|
| 952 |
|
|
|a SNK
|b SNK
|y PREZ
|7 0
|p 17A0833445
|o snkSB 43507
|i snkKSP 5433/88
|0 0
|1 0
|4 0
|d 2014-04-01
|f 1
|l 0
|r 2025-05-09 00:00:00
|w 2026-02-24
|